00452 2200169 4500001002100000008004100021020001800062035002000080082000800100084001400108100002200122245005600144260003100200300002900231650001000260990001200270INLIS000000000001445 Ind  a979-782-112-9 a0010-0924000042 a200 a200 ADU p aQalami, Abu Fajar aPerjalanan Hidup Sesuadah MaticAbu Fajar Al Qalami aSurabayabGita Mediac2008 a353 hlm.c14,5 x 20,5 cm aAgama a0750949